000 00549nam a2200169Ia 4500
008 240729s9999 xx 000 0 und d
022 _a2580-5878
245 0 _aJournal of Language and Literature
260 _aIndonesia
260 _bProdi Sastra Inggris Fakultas Sastra Universitas Sanata Dharma
650 _a Language. Linguistic theory. Comparative grammar
650 _a Philology. Linguistics
650 _aLanguage and Literature
856 _uhttps://doaj.org/toc/aa46aee48c0146018cd862b5ad95869b
942 _2ddc
942 _cDOAJEJ
999 _c65678
_d65678
945 _a1
_bMadushi Gamage
_c1
_dMadushi Gamage